Statistics for Top 15 Countries with Covid-19 Cases - 3 June

Click here to take the quiz!

General Stats

  • This quiz has been taken 18 times
  • The average score is 19 of 25

Answer Stats

country% Correct
France
100%
Germany
100%
Italy
100%
Russia
100%
United Kingdom
100%
United States
100%
Brazil
94%
Spain
94%
Sweden
94%
Canada
88%
Mexico
88%
Belgium
82%
India
82%
Iran
82%
Ireland
82%
Turkey
82%
Chile
65%
Chile
65%
Belarus
53%
Peru
53%
Qatar
41%
Bahrain
35%
Kuwait
35%
United Arab
Emirates
35%
Singapore
29%

Score Distribution

Percentile by Number Answered

Percent of People with Each Score

Your Score History

You have not taken this quiz